000 00749nam a22002297a 4500
001 129948
003 ES-SlBCS
005 20260623083222.0
008 260623b ||||| |||| 00| 0 spa d
017 _aB 9560-2024
_bBarcelona
020 _a978-84-19958-02-0
100 1 _aCorbin, Alain
_9331221
245 1 _a«Terra incognita».
_bUna historia de la ignorancia (Siglos XVIII-XIX).
_cAlain Corbin
250 _a1ª (junio de 2024)
260 _aBarcelona
_bAcantilado
_c2024
300 _a233 p.,
_btapa blanda,
_c21 cm,
490 0 _aEl Acantilado
_v482
500 1 _aDonación de Gabrielle Palasciano
650 0 _aAntropología
_vIgnorancia
_9429752
700 1 _aMarco Aurelio Galmarini
_etrad.
_tTerra incognita
_9429753
942 _2lcc
_cBK
999 _c905011
_d905011